LEADER 00818nam a2200217 i 4500 001 000000203044 003 CaOOAMICUS 005 20110615000000.0 008 110615s1951 it u000 u ita u 013 $a181756 040 $aSeMil$bita 100 1 $aMerzagora, Cesare.$0(OLS)http://semarc/name/71627 245 13$aLe olimpiadi delle barbe finte /$cCesare Merzagora. 260 $aMilano :$bBompiani,$ccopyr. 1951. 300 $a376 p. ;$c22 cm. 490 0 $aVinti e vincitori ;$v13. 830 0$aVinti e vincitori ;$v13.$0(OLS)http://semarc/title/24006 850 $aSeMil 852 $aSeMil$W1$xVenegono$y1$m3U II 145$j153540$B153540$CSeMilBibl$Z2$F164465 $81 996 $6245$aLe olimpiadi delle barbe finte$9(OLS)http://semarc/title/293928 996 $6260$aMilano :$bBompiani$9(OLS)http://semarc/publisher/29706 LEADER 01100nam a2200265 i 4500 001 000000082096 003 CaOOAMICUS 005 20240926151953.0 008 180620s1988 it u000 u ita u 013 $a54336 040 $aSeMil$bita 240 00$aCloud of unknowing.$0(OLS)http://semarc/title/404929 245 03$aLa nube dell'inconoscenza /$cpresentazione di Louis-Albert Lassus ; traduzione di Angelo Pisani. 260 $aTorino :$bGribaudi,$cc1988. 300 $a143 p. ;$c19 cm. 650 4$aMisticismo - Testi.$0(OLS)http://semarc/subject/36012 650 4$aMistica inglese.$0(OLS)http://semarc/subject/55186 700 1 $aPisani, Angelo.$0(OLS)http://semarc/name/49594 700 1 $aLassus, Louis-Albert .$0(OLS)http://semarc/name/40305 850 $aSeMil 852 $aSeMil$W1$xVenegono$y1$m2C II 322/B$j47206$B47206$CSeMilBibl$Z2$F49695 $81 961 $aLascito: Villa mons. Luigi 996 $6245$aLa nube dell'inconoscenza$9(OLS)http://semarc/title/404928 996 $6260$aTorino :$bGribaudi$9(OLS)http://semarc/publisher/31540